BIBLIOTECA

SENCICO

El jardín del siglo XXI : (Registro nro. 5041)

Detalles MARC
000 -LEADER
fixed length control field 01591nam a22002777a 4500
003 - CONTROL NUMBER IDENTIFIER
control field PE SENCICO BE
005 - DATE AND TIME OF LATEST TRANSACTION
control field 20251020182710.0
008 - FIXED-LENGTH DATA ELEMENTS--GENERAL INFORMATION
fixed length control field 250107b |||||||| |||| 00| 0 eng d
020 ## - INTERNATIONAL STANDARD BOOK NUMBER
International Standard Book Number 978-84-7902-927-2
040 ## - CATALOGING SOURCE
Original cataloging agency PE SENCICO BE
Transcribing agency PE SENCICO BE
041 ## - LANGUAGE CODE
Language code of text/sound track or separate title spa
082 ## - DEWEY DECIMAL CLASSIFICATION NUMBER
Classification number 635
Item number C23
100 1# - MAIN ENTRY--PERSONAL NAME
9 (RLIN) 2779
Personal name Cano, Antonio José
Relator term autor
245 1# - TITLE STATEMENT
Title El jardín del siglo XXI :
Remainder of title principios y técnicas para una jardinería más sostenible /
Statement of responsibility, etc. Antonio José Cano, Oscar Dominguez
250 ## - EDITION STATEMENT
Edition statement [1a ed.]
260 ## - PUBLICATION, DISTRIBUTION, ETC.
Place of publication, distribution, etc. Madrid :
Name of publisher, distributor, etc. Tutor ;
Date of publication, distribution, etc. 2012
300 ## - PHYSICAL DESCRIPTION
Extent 159 p. :
Other physical details il. col., lams. ;
Dimensions 23 cm.
505 0# - FORMATTED CONTENTS NOTE
Formatted contents note La mirada del jardín actual -- Los nuevos criterios rediseñan el jardin -- Técnicas y materiales en el jardín actual -- El mantenimiento más sostenible -- El césped hoy -- La jardinería vertical -- Jardines útiles -- Sorpresas del jardín actual
520 3# - SUMMARY, ETC.
Summary, etc. El lector encontrará un conjunto de soluciones que los autores han probado y en muchos casos corregido hasta ponerlas a punto. Son por lo tanto el fruto de muchos años de experiencia, soluciones que tienen que ver con la distribución del jardín y de las diferentes especies que la conforman, de las labores para la preparación del terreno, del aprovechamiento de los residuos, de los sistemas de riego eficientes o de las estrategias para reducir el mantenimiento y el uso de productos de síntesis.
650 10 - SUBJECT ADDED ENTRY--TOPICAL TERM
9 (RLIN) 773
Topical term or geographic name entry element Jardinería
650 20 - SUBJECT ADDED ENTRY--TOPICAL TERM
9 (RLIN) 2780
Topical term or geographic name entry element Huertos
650 20 - SUBJECT ADDED ENTRY--TOPICAL TERM
9 (RLIN) 2781
Topical term or geographic name entry element Horticultura
700 1# - ADDED ENTRY--PERSONAL NAME
9 (RLIN) 2782
Personal name Dominguez, Óscar
Relator term autor
910 ## - USER-OPTION DATA (OCLC)
User-option data hfp
-- hfp
-- hfp
942 ## - ADDED ENTRY ELEMENTS (KOHA)
Source of classification or shelving scheme Dewey Decimal Classification
Koha item type Libros
Existencias
Fecha de la última vez que lo usaron Pago total Signatura topográfica completa Código de barras Precio efectivo desde Tipo de documento Estado perdido Sistema de clasificación Estado dañado No es para préstamo Retirado Ubicación permanente Ubicación actual Fecha de adquisición Fuente de adquisición
07/01/2025   635/C23 BibLima25010004 07/01/2025 Libros   Dewey Decimal Classification       Biblioteca Central Lima Biblioteca Central Lima 18/11/2024 Comprado de la librería Megabook